Texteando 7 : lengua /
Guardado en:
| Autor Principal: | |
|---|---|
| Otros Autores: | , , |
| Formato: | Libro |
| Publicado: |
Buenos Aires :
Aique,
1998
|
| Materias: | |
| Etiquetas: |
Agregar Etiqueta
Sin Etiquetas, Sea el primero en etiquetar este registro!
|
| LEADER | 01026nam a22002895a 4500 | ||
|---|---|---|---|
| 001 | CEM.cems009953 | ||
| 005 | 20080229081343.0 | ||
| 008 | 130507s1998##################000#0#####d | ||
| 003 | CEMS | ||
| 020 | |a 9507015000 | ||
| 082 | 0 | 4 | |a Z468 |
| 100 | 1 | |a Atorresi, Ana | |
| 245 | 1 | 0 | |a Texteando 7 : |b lengua / |c Ana Atorresi ... [et Al.] |
| 260 | |a Buenos Aires : |b Aique, |c 1998 | ||
| 300 | |a 240 p. | ||
| 500 | |a Para 7ºaño Egb | ||
| 505 | 0 | |a La descripción -- La descripción y la poesía -- La conversación -- La narración y la novela -- La argumentación -- La instrucción -- La explicación | |
| 653 | |a Lengua | ||
| 653 | |a Lengua-7ºegb | ||
| 653 | |a Literatura | ||
| 653 | |a Textos | ||
| 700 | 1 | |a Gándara, Santiago | |
| 700 | 1 | |a Kornfeld, Laura | |
| 700 | 1 | |a Magadán, Cecilia | |
| 859 | |a CEMS |b BIB. CEMS - 11 de abril |h Z468 |i At72 |p 20319.99 |t Ej.1 |v 7º |3 7º | ||
| 859 | |a CEMS |b BIB. CEMS - 11 de abril |h Z468 |i At72 |p 20320.99 |t Ej.2 |v 7º |3 7º | ||
| 859 | |a CEMS |b BIB. CEMS - 11 de abril |h Z468 |i At72 |p 25829.10 |t Ej.3 |v 7º |3 7º | ||
